[Event "XX Festival Conca della Presolana A"]
[Site "Bratto - Castione della Presolana ITA"]
[Date "2000.08.29"]
[Round "5"]
[White "Cazzaniga, Walter"]
[Black "Sedina, Elena"]
[Result "1/2-1/2"]
[WhiteElo "2170"]
[BlackElo "2405"]
[PlyCount "84"]
[EventDate "2000.08.25"]

1.e4 e6 2.d4 d5 3.Nd2 Nc6 4.Ngf3 Nf6 5.e5 Nd7 6.Nb3 Be7 7.Bb5 a5 8.a4 Na7 
9.Bd3 b6 10.c3 c5 11.Be2 Nc6 12.Bb5 Qc7 13.Be3 Ba6 14.Bxa6 Rxa6 15.Qe2 Ra8
16.O-O O-O 17.Rfc1 Qb7 18.Nbd2 Rfb8 19.c4 cxd4 20.cxd5 exd5 21.Bxd4 Nc5 
22.Qe3 Ne6 23.Nb3 b5 24.Nc5 Bxc5 25.Bxc5 bxa4 26.Bd6 Rc8 27.Qa3 Ned4 28.
Nxd4 Nxd4 29.Rxc8+ Rxc8 30.Qxa4 Qxb2 31.g3 h6 32.Rd1 Nf3+ 33.Kg2 Rc2 34.
Rf1 Ne1+ 35.Kg1 Nf3+ 36.Kg2 Ne1+ 37.Kg1 Qd4 38.Qe8+ Kh7 39.Qxf7 Qe4 40.f3 
Qe2 41.Qf5+ Kg8 42.Qf8+ Kh7 1/2-1/2

[Event "XX Festival Conca della Presolana A"]
[Site "Bratto - Castione della Presolana ITA"]
[Date "2000.08.29"]
[Round "5"]
[White "Dervishi, Erald"]
[Black "Guido, Flavio"]
[Result "1/2-1/2"]
[WhiteElo "2478"]
[BlackElo "2303"]
[PlyCount "71"]
[EventDate "2000.08.25"]

1.e4 c5 2.Nf3 e6 3.d4 cxd4 4.Nxd4 Nf6 5.Nc3 d6 6.Be2 a6 7.a4 Be7 8.O-O O-O
9.Kh1 b6 10.f4 Bb7 11.Bf3 Qc7 12.f5 e5 13.Nde2 Nbd7 14.g4 h6 15.g5 hxg5 
16.Bxg5 Rfc8 17.Rg1 Kf8 18.Qe1 Ke8 19.Qh4 b5 20.axb5 axb5 21.Qh8+ Bf8 22.
Nxb5 Qb6 23.Rxa8 Rxa8 24.Nbc3 Qxb2 25.Bxf6 Nxf6 26.Rxg7 Qxc2 27.Rg3 Nxe4 
28.Rg8 Nxc3 29.Rxf8+ Ke7 30.Rxf7+ Kxf7 31.Qh7+ Kf8 32.Qh8+ Kf7 33.Qh7+ Kf8
34.Qh6+ Kg8 35.Qg6+ Kh8 36.Qf6+ 1/2-1/2

[Event "XX Festival Conca della Presolana A"]
[Site "Bratto - Castione della Presolana ITA"]
[Date "2000.08.29"]
[Round "5"]
[White "Dilic, Roberto"]
[Black "Basciu, Simone"]
[Result "1/2-1/2"]
[WhiteElo "2013"]
[BlackElo "2147"]
[PlyCount "50"]
[EventDate "2000.08.25"]

1.e4 c5 2.Nf3 Nc6 3.d4 cxd4 4.Nxd4 Nf6 5.Nc3 d6 6.Be2 e5 7.Nb3 Be7 8.Bg5 
Nxe4 9.Nxe4 Bxg5 10.Nxg5 Qxg5 11.Qxd6 Qe7 12.O-O-O Qxd6 13.Rxd6 Ke7 14.Rd2
Bf5 15.Bd3 Bxd3 16.Rxd3 Rhd8 17.Rhd1 f5 18.Nc5 Rxd3 19.Rxd3 Rd8 20.Rg3 Kf6
21.Nxb7 Rd5 22.c4 Rd4 23.b3 Nb4 24.Nc5 Nxa2+ 25.Kc2 Nb4+ 1/2-1/2

[Event "XX Festival Conca della Presolana A"]
[Site "Bratto - Castione della Presolana ITA"]
[Date "2000.08.29"]
[Round "5"]
[White "Drazic, Sinisa"]
[Black "Belotti, Bruno"]
[Result "1/2-1/2"]
[WhiteElo "2508"]
[BlackElo "2417"]
[PlyCount "69"]
[EventDate "2000.08.25"]

1.d4 Nf6 2.Bg5 Ne4 3.Bf4 c5 4.dxc5 Qa5+ 5.Nd2 e5 6.Be3 Nxc5 7.Nf3 Ne6 8.c3
Qc7 9.c4 b6 10.g3 Bb7 11.Bg2 f5 12.O-O Nc6 13.Nb1 e4 14.Ng5 Be7 15.Qc1 
Bxg5 16.Bxg5 Ncd4 17.Nc3 Qxc4 18.Re1 Nxg5 19.Qxg5 Nc2 20.Qxg7 O-O-O 21.Nb5
Qxb5 22.Rac1 Qc5 23.b4 Qxb4 24.Rxc2+ Bc6 25.Rec1 Qd6 26.e3 Kb8 27.Qc3 Rc8 
28.Rd2 Qe6 29.Qa3 Bb5 30.Bf1 Rxc1 31.Qxc1 Rc8 32.Qd1 Bxf1 33.Kxf1 Rc7 34.
Kg2 Kc8 35.Qa1 1/2-1/2

[Event "XX Festival Conca della Presolana A"]
[Site "Bratto - Castione della Presolana ITA"]
[Date "2000.08.29"]
[Round "5"]
[White "Farago, Ivan"]
[Black "Epishin, Vladimir V."]
[Result "1/2-1/2"]
[WhiteElo "2486"]
[BlackElo "2567"]
[PlyCount "33"]
[EventDate "2000.08.25"]

1.d4 Nf6 2.c4 g6 3.Nc3 d5 4.Nf3 Bg7 5.Qb3 dxc4 6.Qxc4 O-O 7.e4 Na6 8.Be2 
c5 9.d5 e6 10.O-O exd5 11.exd5 Re8 12.Be3 Bf5 13.Rad1 Qd6 14.a3 Rad8 15.
Bf4 Qb6 16.Qb5 Nd7 17.h3 1/2-1/2

[Event "XX Festival Conca della Presolana A"]
[Site "Bratto - Castione della Presolana ITA"]
[Date "2000.08.29"]
[Round "5"]
[White "Grooten, Herman"]
[Black "Drabke, Lorenz Maximilian"]
[Result "1-0"]
[WhiteElo "2386"]
[BlackElo "2144"]
[PlyCount "95"]
[EventDate "2000.08.25"]

1.d4 d5 2.c4 c6 3.Nf3 Nf6 4.Nc3 dxc4 5.e3 b5 6.a4 b4 7.Nb1 Ba6 8.Nbd2 c3 
9.bxc3 Bxf1 10.Nxf1 bxc3 11.Ng3 c5 12.Ba3 e6 13.O-O Nbd7 14.Rc1 cxd4 15.
Bxf8 Nxf8 16.Nxd4 Ng6 17.Rxc3 O-O 18.Qc2 Nd5 19.Nc6 Qd7 20.Rd1 Qb7 21.Rc5 
Nge7 22.Na5 Qb6 23.Rc1 Rac8 24.Rxc8 Nxc8 25.Nc6 Nce7 26.a5 Qa6 27.e4 Nxc6 
28.Qxc6 Qxc6 29.Rxc6 Nb4 30.Rc7 a6 31.Kf1 h6 32.Ke2 Rd8 33.Nf1 Rd6 34.Rc8+
Kh7 35.Nd2 Kg6 36.f3 Rc6 37.Rb8 Nc2 38.Rb6 Nd4+ 39.Kd3 e5 40.Rxc6+ Nxc6 
41.Nb3 Kg5 42.Kc4 Kf4 43.Kc5 Nxa5 44.Nxa5 Ke3 45.Nc4+ Kf2 46.Nxe5 f6 47.
Ng4+ Kxg2 48.f4 1-0

[Event "XX Festival Conca della Presolana A"]
[Site "Bratto - Castione della Presolana ITA"]
[Date "2000.08.29"]
[Round "5"]
[White "Inkiov, Ventzislav V."]
[Black "Cocchi, Andrea"]
[Result "1-0"]
[WhiteElo "2416"]
[BlackElo "2261"]
[PlyCount "67"]
[EventDate "2000.08.25"]

1.d4 b5 2.e4 Bb7 3.Nd2 a6 4.Ngf3 e6 5.Bd3 c5 6.c3 cxd4 7.cxd4 d6 8.O-O Nf6
9.Qe2 Nc6 10.d5 exd5 11.exd5+ Ne5 12.Ne4 Nxd5 13.a4 Nb4 14.Bb1 Be7 15.Ra3 
O-O 16.Nxe5 dxe5 17.Qh5 f5 18.Ng5 h6 19.Nf3 e4 20.Ne5 Bg5 21.Ng6 Re8 22.
Nf4 Rc8 23.Be3 Qc7 24.Nh3 Qf7 25.Qxf7+ Kxf7 26.Nxg5+ hxg5 27.Bxg5 bxa4 28.
Rxa4 Nd3 29.h4 Re6 30.Ba2 Rc2 31.Ra5 g6 32.h5 f4 33.hxg6+ Kxg6 34.Bxe6 1-0

[Event "XX Festival Conca della Presolana A"]
[Site "Bratto - Castione della Presolana ITA"]
[Date "2000.08.29"]
[Round "5"]
[White "Laco, Giuseppe"]
[Black "Pirola, Andrea"]
[Result "1-0"]
[WhiteElo "2180"]
[BlackElo "1909"]
[PlyCount "87"]
[EventDate "2000.08.25"]

1.c4 f5 2.d4 Nf6 3.g3 g6 4.Bg2 Bg7 5.Nc3 O-O 6.Nh3 d6 7.O-O c6 8.f3 e5 9.
d5 Na6 10.Nf2 Bd7 11.Bg5 h6 12.Be3 Kh7 13.Qd2 c5 14.a3 Nh5 15.Nd3 g5 16.
Bf2 Be8 17.b4 b6 18.b5 Nb8 19.e4 fxe4 20.Nxe4 Bg6 21.a4 Qe7 22.a5 Nd7 23.
axb6 Nxb6 24.Nb2 Nf6 25.h3 Nxe4 26.fxe4 h5 27.Be3 g4 28.hxg4 hxg4 29.Bg5 
Bf6 30.Rxf6 Rxf6 31.Bxf6 Qxf6 32.Rf1 Qe7 33.Qe2 Qg5 34.Nd1 Kg7 35.Ne3 Rf8 
36.Re1 Qh5 37.Ra1 Rf7 38.Rc1 Rf3 39.Bxf3 gxf3 40.Qh2 Qg5 41.Kf2 Bxe4 42.
Qh4 Qg6 43.Qe7+ Kg8 44.Ra1 1-0

[Event "XX Festival Conca della Presolana A"]
[Site "Bratto - Castione della Presolana ITA"]
[Date "2000.08.29"]
[Round "5"]
[White "Lanzani, Mario"]
[Black "Mione, Dario"]
[Result "1-0"]
[WhiteElo "2419"]
[BlackElo "2286"]
[PlyCount "105"]
[EventDate "2000.08.25"]

1.e4 e6 2.d4 d5 3.Nc3 Nf6 4.Bg5 Bb4 5.e5 h6 6.Bd2 Bxc3 7.bxc3 Ne4 8.Qg4 g6
9.h4 c5 10.Bd3 Nxd2 11.Kxd2 Nc6 12.Qf4 Qa5 13.Nf3 cxd4 14.Nxd4 Nxd4 15.
Qxd4 Bd7 16.Rh3 h5 17.Rf3 Rf8 18.Rb1 O-O-O 19.Qb4 Qc7 20.Rf6 Bc6 21.Qd4 
Kb8 22.g3 Rfe8 23.Rb3 Rd7 24.Ra3 Qb6 25.Qxb6 axb6 26.Rf4 Kc7 27.Rb4 Rdd8 
28.Rab3 Ra8 29.Rb2 Ra3 30.Rf4 Re7 31.Rfb4 Re8 32.Rxb6 Rea8 33.R6b4 Rxa2 
34.Rxa2 Rxa2 35.Ke3 Ra3 36.f3 Kd7 37.Kf4 Ke7 38.g4 hxg4 39.fxg4 Ra8 40.Kg5
Rg8 41.Bb5 Bxb5 42.Rxb5 Rb8 43.Rb6 Kd7 44.Kf6 Kc7 45.Rb1 Rh8 46.Rh1 Rh7 
47.h5 Kd7 48.h6 Kd8 49.g5 Kd7 50.Ra1 Kc6 51.Ra8 Kb5 52.Rc8 b6 53.Rc7 1-0

[Event "XX Festival Conca della Presolana A"]
[Site "Bratto - Castione della Presolana ITA"]
[Date "2000.08.29"]
[Round "5"]
[White "Lapiccirella, Daniele"]
[Black "Podini, Francesco"]
[Result "0-1"]
[WhiteElo "2084"]
[BlackElo "2071"]
[PlyCount "100"]
[EventDate "2000.08.25"]

1.d4 Nf6 2.c4 c5 3.d5 b5 4.cxb5 a6 5.b6 Qxb6 6.Nc3 g6 7.e4 d6 8.Nf3 Bg7 9.
Nd2 O-O 10.a4 Nbd7 11.a5 Qb7 12.Nc4 Ne8 13.Bd3 Nc7 14.O-O Nb5 15.Na4 Rb8 
16.Rb1 Ne5 17.Nxe5 Bxe5 18.Nb6 Qc7 19.Bd2 f5 20.b4 fxe4 21.Bxe4 c4 22.Rc1 
c3 23.Bh6 Rf7 24.Qd3 Bf5 25.Bxf5 Rxf5 26.Be3 Rbf8 27.Nc4 Bf4 28.Bb6 Qd7 
29.Rce1 Rh5 30.h3 Rff5 31.Re6 Rxd5 32.Qe4 Rdg5 33.Rxe7 Rxg2+ 34.Qxg2 Qxe7 
35.Qf3 Qg5+ 36.Kh1 Qf5 37.Kg2 Rg5+ 38.Kh1 Qd5 39.Qxd5+ Rxd5 40.Ne3 Rd2 41.
Kg2 d5 42.Kf3 Bh6 43.Ng4 Bg7 44.Be3 Rb2 45.Re1 Nd4+ 46.Kg2 Nf5 47.Bg5 Kf7 
48.Ne5+ Bxe5 49.Rxe5 d4 50.b5 axb5 0-1

[Event "XX Festival Conca della Presolana A"]
[Site "Bratto - Castione della Presolana ITA"]
[Date "2000.08.29"]
[Round "5"]
[White "Lapiccirella, Mattia"]
[Black "Everet, Alexandro"]
[Result "1/2-1/2"]
[WhiteElo "2144"]
[BlackElo "2348"]
[PlyCount "121"]
[EventDate "2000.08.25"]

1.d4 f5 2.g3 Nf6 3.Bg2 e6 4.Nf3 Be7 5.O-O O-O 6.c4 d5 7.Nbd2 c6 8.b3 Nbd7 
9.Ng5 Nb8 10.Nh3 Na6 11.Bb2 Nc7 12.Qc2 h6 13.Nf4 Qe8 14.Nf3 g5 15.Nd3 Rf7 
16.a4 Rg7 17.Ba3 Bxa3 18.Rxa3 Qe7 19.c5 h5 20.h4 gxh4 21.Nxh4 Bd7 22.b4 
Rf8 23.Qc1 Be8 24.Qf4 Ne4 25.Ne5 Kh7 26.Bf3 Na6 27.Rb3 Nd2 28.Qxd2 Qxh4 
29.Bg2 Qf6 30.Qf4 Nc7 31.Kh2 Rh8 32.Rh1 Kg8 33.Kg1 Rhh7 34.Kf1 Qd8 35.Bf3 
b6 36.Nd3 Qc8 37.Qc1 Qa6 38.Ra3 bxc5 39.bxc5 Qb7 40.Rh4 Qb8 41.Nf4 Qd8 42.
Rb3 Kh8 43.Rb7 a6 44.Rxc7 Qxc7 45.Nxe6 Qf7 46.Nxg7 Kxg7 47.Qg5+ Qg6 48.
Qxg6+ Bxg6 49.a5 Kh6 50.e3 Rb7 51.Be2 Rb1+ 52.Kg2 Ra1 53.Bxa6 Rxa5 54.Bb7 
Be8 55.Bc8 Kg5 56.Rf4 Bg6 57.Bd7 Ra6 58.Rh4 Kf6 59.Rh1 Ke7 60.Bc8 Ra2 61.
Rh4 1/2-1/2

[Event "XX Festival Conca della Presolana A"]
[Site "Bratto - Castione della Presolana ITA"]
[Date "2000.08.29"]
[Round "5"]
[White "Leoni, Fabrizio"]
[Black "Orsi, Massimiliano"]
[Result "1/2-1/2"]
[WhiteElo "2143"]
[BlackElo "2100"]
[PlyCount "146"]
[EventDate "2000.08.25"]

1.d4 d5 2.Nf3 Nf6 3.c4 e6 4.Nc3 Be7 5.Bg5 h6 6.Bh4 O-O 7.e3 b6 8.cxd5 exd5
9.Bd3 Bb7 10.O-O Nbd7 11.Rc1 c5 12.dxc5 bxc5 13.Qe2 a6 14.Rfd1 Qb6 15.Na4 
Qa7 16.Bg3 Rfe8 17.Nh4 Bf8 18.Qc2 Ne4 19.Bc7 Rac8 20.Ba5 Bc6 21.Nf5 Re5 
22.Ng3 Ndf6 23.Nxe4 Nxe4 24.Nc3 Nf6 25.Ne2 Ne4 26.Ng3 Nxg3 27.hxg3 Qb7 28.
Bc3 Rg5 29.Bf1 Bb5 30.Qd2 Bxf1 31.Rxf1 Re8 32.Qd1 Re4 33.Qf3 Qd7 34.Rcd1 
Qe6 35.Rd2 h5 36.Rfd1 h4 37.gxh4 Rxh4 38.Rxd5 Rxd5 39.Qxd5 Qb6 40.Kf1 Rh1+
41.Ke2 Rxd1 42.Qxd1 Qg6 43.Kd2 Qh6 44.g4 Qh4 45.Qf3 Qd8+ 46.Ke2 Qb8 47.Qd5
Qb5+ 48.Ke1 Qa4 49.g5 Qg4 50.f3 Qg2 51.Bd2 Qg1+ 52.Ke2 Qh1 53.Kd3 Qb1+ 54.
Kc3 g6 55.Kb3 Qd1+ 56.Kc3 Qb1 57.e4 Qf1 58.Qd3 Bg7+ 59.Kc2 Qa1 60.Qb3 c4 
61.Qxc4 Qxb2+ 62.Kd3 Qa3+ 63.Ke2 Ba1 64.f4 Qh3 65.a4 Qg4+ 66.Kd3 Qd1 67.
Qb4 Kg7 68.Kc4 Qe2+ 69.Kd5 Qd3+ 70.Kc6 Bd4 71.Kb7 Qxe4+ 72.Kxa6 Qa8+ 73.
Kb5 Qd5+ 1/2-1/2

[Event "XX Festival Conca della Presolana A"]
[Site "Bratto - Castione della Presolana ITA"]
[Date "2000.08.29"]
[Round "5"]
[White "Lovati, Paolo"]
[Black "Marzano, Carlo"]
[Result "0-1"]
[WhiteElo "2084"]
[BlackElo "2236"]
[PlyCount "138"]
[EventDate "2000.08.25"]

1.g3 e5 2.c4 Nc6 3.Bg2 d6 4.d3 Be6 5.Nf3 h6 6.Nc3 Qd7 7.O-O Bh3 8.d4 Bxg2 
9.Kxg2 exd4 10.Nxd4 Nf6 11.Nd5 Be7 12.Nxe7 Qxe7 13.Nxc6 bxc6 14.Qc2 O-O 
15.Re1 Qe4+ 16.Qxe4 Nxe4 17.Be3 c5 18.f3 Nf6 19.Bd2 Nd7 20.e4 Ne5 21.Ba5 
Nxc4 22.Bxc7 Rfc8 23.b3 Na3 24.Bxd6 Nc2 25.Rec1 Nxa1 26.Rxa1 c4 27.b4 c3 
28.Rc1 c2 29.Bc5 a5 30.a3 axb4 31.axb4 Ra2 32.e5 Rd8 33.Bd6 f6 34.f4 fxe5 
35.fxe5 Kf7 36.Kf2 Ke6 37.Ke2 Rda8 38.Kd2 Rc8 39.Bc5 Kxe5 40.Rxc2 Rxc2+ 
41.Kxc2 Kd5 42.Kd3 Ra8 43.Ke3 g6 44.Kf4 Ke6 45.Ke4 h5 46.h4 Ra3 47.Kf4 Rc3
48.Bf8 Rc4+ 49.Ke3 Ke5 50.Bc5 Rc3+ 51.Kf2 Ke4 52.Kg2 Rc2+ 53.Kh3 Rd2 54.
Be7 Kf3 55.Bg5 Rd7 56.Bh6 Rd8 57.Bg5 Re8 58.Bf4 Re6 59.Bh6 Rd6 60.Bg5 Rd5 
61.Be7 Rd1 62.Kh2 Rd2+ 63.Kh3 Rd1 64.Kh2 Kg4 65.Bg5 Rd3 66.Bf4 Rd4 67.Bc7 
Rxb4 68.Be5 Re4 69.Bc7 Re2+ 0-1

[Event "XX Festival Conca della Presolana A"]
[Site "Bratto - Castione della Presolana ITA"]
[Date "2000.08.29"]
[Round "5"]
[White "Mascheroni, Maurizio"]
[Black "Riccio, Eros"]
[Result "1-0"]
[WhiteElo "2059"]
[BlackElo "2134"]
[PlyCount "71"]
[EventDate "2000.08.25"]

1.e4 Nf6 2.e5 Nd5 3.d4 d6 4.exd6 cxd6 5.Nf3 g6 6.h3 Bg7 7.c4 Nb6 8.Nc3 O-O
9.Be2 Nc6 10.O-O Bf5 11.Be3 d5 12.c5 Nc4 13.b3 Nxe3 14.fxe3 Bh6 15.Kf2 e5 
16.dxe5 Qa5 17.Rc1 Bxe3+ 18.Kxe3 d4+ 19.Nxd4 Qxc5 20.Ne4 Qxe5 21.Nxc6 
Qxe4+ 22.Kf2 bxc6 23.Bf3 Qh4+ 24.Kg1 Rad8 25.Qe1 Qg5 26.Kh1 Rd2 27.Rxc6 
Rxa2 28.Qe5 Qd2 29.Bd5 Qe2 30.Rxf5 gxf5 31.Qxf5 Qf2 32.Bxf7+ Kg7 33.Qe5+ 
Kxf7 34.Rc7+ Kg6 35.Rg7+ Kh6 36.Qg5# 1-0

[Event "XX Festival Conca della Presolana A"]
[Site "Bratto - Castione della Presolana ITA"]
[Date "2000.08.29"]
[Round "5"]
[White "Murgia, Andrea"]
[Black "Cetro, Carlo"]
[Result "1/2-1/2"]
[WhiteElo "2131"]
[BlackElo "2050"]
[PlyCount "81"]
[EventDate "2000.08.25"]

1.e4 e6 2.d4 d5 3.Nd2 Nf6 4.e5 Nfd7 5.Bd3 c5 6.c3 Nc6 7.Ne2 cxd4 8.cxd4 f6
9.exf6 Qxf6 10.Nf3 h6 11.O-O Bd6 12.Ng3 O-O 13.Bc2 Rd8 14.a3 Nf8 15.b4 a6 
16.Bb2 Bd7 17.Re1 Be8 18.Re2 Bg6 19.Bxg6 Nxg6 20.Qb3 Nf4 21.Re3 Rf8 22.
Rae1 Rae8 23.Ne5 Bxe5 24.dxe5 Qg5 25.Qd1 h5 26.Bc1 h4 27.Rf3 hxg3 28.hxg3 
Nxe5 29.Rxf4 Rf5 30.Rxe5 Rxe5 31.Rf8+ Rxf8 32.Bxg5 Rxg5 33.Qd4 Rgf5 34.Qb6
R8f7 35.Qxe6 Rxf2 36.Qxd5 Rf1+ 37.Kh2 Rf5 38.Qd8+ Kh7 39.g4 R5f6 40.Kg3 g5
41.Qd5 1/2-1/2

[Event "XX Festival Conca della Presolana A"]
[Site "Bratto - Castione della Presolana ITA"]
[Date "2000.08.29"]
[Round "5"]
[White "Profumo, Alberto"]
[Black "Mariano, Elia"]
[Result "1-0"]
[WhiteElo "2284"]
[BlackElo "2093"]
[PlyCount "127"]
[EventDate "2000.08.25"]

1.Nf3 Nf6 2.g3 b6 3.Bg2 Bb7 4.d4 e6 5.O-O Be7 6.c4 O-O 7.Nc3 Ne4 8.Qc2 
Nxc3 9.Qxc3 f5 10.Rd1 Qe8 11.Bf4 d6 12.c5 Na6 13.cxd6 cxd6 14.Qb3 Bd5 15.
Qa3 Nc7 16.Rac1 Qd7 17.Bg5 Bxg5 18.Nxg5 Bxg2 19.Kxg2 h6 20.Nf3 Rfc8 21.Qd3
Ne8 22.Qa6 Nf6 23.Ne1 Rc7 24.Rxc7 Qxc7 25.Nd3 Qc8 26.Qb5 Qb7+ 27.f3 Rc8 
28.Nf4 Kf7 29.Qb3 Qd7 30.d5 Nxd5 31.Nxd5 exd5 32.Rxd5 Ke7 33.Qd3 Rc5 34.
Rd4 Qb5 35.Rxd6 Qxd3 36.Rxd3 Rc2 37.Re3+ Kf6 38.Kf2 Rxb2 39.a3 a5 40.Rc3 
Ke5 41.f4+ Kd4 42.Rc7 g5 43.Rd7+ Ke4 44.Re7+ Kd4 45.g4 gxf4 46.gxf5 Rb5 
47.f6 Rf5 48.f7 Kd5 49.a4 h5 50.Kf3 Rf6 51.Ra7 Ke5 52.Rb7 Kf5 53.Rxb6 Rxf7
54.Rb5+ Kg6 55.Rxa5 Re7 56.h4 Re3+ 57.Kxf4 Rxe2 58.Ra6+ Kg7 59.Kf5 Rc2 60.
Re6 Rc4 61.Re4 Rc1 62.a5 Ra1 63.Re5 Ra4 64.Kg5 1-0

[Event "XX Festival Conca della Presolana A"]
[Site "Bratto - Castione della Presolana ITA"]
[Date "2000.08.29"]
[Round "5"]
[White "Ranieri, Fabrizio"]
[Black "Pagnoncelli, Marco"]
[Result "1-0"]
[WhiteElo "2165"]
[BlackElo "2082"]
[PlyCount "165"]
[EventDate "2000.08.25"]

1.e4 c5 2.Nf3 d6 3.d4 cxd4 4.Nxd4 Nf6 5.Nc3 g6 6.f3 Bg7 7.Be3 O-O 8.Qd2 
Nc6 9.O-O-O d5 10.Kb1 Nxd4 11.e5 Nd7 12.Bxd4 Nxe5 13.Qe3 Qd6 14.Nb5 Qb8 
15.Bxa7 Rxa7 16.Qxa7 Qxa7 17.Nxa7 Bf5 18.Be2 Ra8 19.Nb5 Rc8 20.Nd4 Bd7 21.
Rhe1 e6 22.f4 Nc4 23.Bxc4 Rxc4 24.c3 b5 25.a3 Kf8 26.g3 Ke7 27.Nf3 f6 28.
Rd4 Kd6 29.Rxc4 bxc4 30.Kc2 Ba4+ 31.Kd2 h6 32.g4 e5 33.fxe5+ fxe5 34.Nh4 
Be8 35.Ng2 Bd7 36.Rf1 Ke6 37.Ne3 Bc6 38.h4 Bf6 39.h5 gxh5 40.gxh5 Bg5 41.
Ke2 Be8 42.Rh1 Bc6 43.Rd1 Be8 44.Rh1 Bc6 45.Rh3 Bb5 46.Nc2 d4 47.cxd4 c3+ 
48.Kf2 cxb2 49.Rb3 Be8 50.Rxb2 exd4 51.Nxd4+ Kd5 52.Nf3 Bc1 53.Rb3 Kd6 54.
Rd3+ Ke7 55.Rc3 Bf4 56.Rc5 Bd6 57.Ra5 Bc7 58.Ra7 Kd8 59.Ra6 Bxh5 60.Rxh6 
Be8 61.Ke3 Ba4 62.Kd4 Bf4 63.Ra6 Bd1 64.Ne5 Kc7 65.Rf6 Bh2 66.Nc4 Bb3 67.
Kc5 Bg1+ 68.Kb5 Bxc4+ 69.Kxc4 Kb7 70.Kb5 Be3 71.Rf7+ Kb8 72.Ka6 Bd4 73.
Rb7+ Ka8 74.a4 Be3 75.a5 Bd4 76.Rd7 Be5 77.Kb6 Bf4 78.Ra7+ Kb8 79.Re7 Ka8 
80.a6 Bd6 81.Rd7 Bf4 82.a7 Be3+ 83.Ka6 1-0

[Event "XX Festival Conca della Presolana A"]
[Site "Bratto - Castione della Presolana ITA"]
[Date "2000.08.29"]
[Round "5"]
[White "Ricci, Alfredo"]
[Black "Berni, Giorgio"]
[Result "1-0"]
[WhiteElo "2093"]
[BlackElo "1905"]
[PlyCount "77"]
[EventDate "2000.08.25"]

1.e4 c5 2.Nf3 d6 3.d4 cxd4 4.Nxd4 Nf6 5.Bd3 g6 6.O-O Bg7 7.Kh1 O-O 8.f4 
Qb6 9.Nf3 Nc6 10.Nc3 a6 11.Qe1 Qd8 12.Bd2 Nd7 13.Rb1 Nc5 14.Bc4 Be6 15.Bd5
Nb4 16.Bxe6 Nxe6 17.f5 Nd4 18.Nxd4 Bxd4 19.Bh6 Bg7 20.Bxg7 Kxg7 21.Qd2 Nc6
22.Rf3 f6 23.Rh3 g5 24.Qe2 Qe8 25.Nd5 Rc8 26.c3 Nd8 27.Qf2 Nc6 28.Qb6 Qd7 
29.Rg3 Nd8 30.Re1 Rc5 31.h4 h6 32.Qb3 Rc6 33.Ree3 Rh8 34.Nf4 Qc7 35.Ng6 
Rh7 36.hxg5 hxg5+ 37.Rh3 Rxh3+ 38.Rxh3 e6 39.Qd1 1-0

[Event "XX Festival Conca della Presolana A"]
[Site "Bratto - Castione della Presolana ITA"]
[Date "2000.08.29"]
[Round "5"]
[White "Romanishin, Oleg M."]
[Black "Menoni, Vincenzo"]
[Result "1-0"]
[WhiteElo "2591"]
[BlackElo "2240"]
[PlyCount "71"]
[EventDate "2000.08.25"]

1.d4 Nf6 2.Nf3 g6 3.g3 Bg7 4.Bg2 O-O 5.c4 d6 6.O-O Nbd7 7.d5 Nb6 8.Na3 Bd7
9.Nd4 Qc8 10.Re1 e5 11.dxe6 fxe6 12.Nb3 Ba4 13.Rf1 Nfd7 14.Qc2 Nc5 15.Be3 
Nbd7 16.Rad1 a6 17.Nb1 Rb8 18.Nc3 Nxb3 19.Nxa4 b5 20.cxb5 axb5 21.Qxb3 
bxa4 22.Qxe6+ Kh8 23.Bh3 Nb6 24.b3 axb3 25.axb3 Qa6 26.Qe7 Na8 27.Rd3 Qa2 
28.Bg4 Qb2 29.Bf3 Qe5 30.Qxe5 Bxe5 31.Rc1 Rf7 32.Bd5 Rd7 33.Bg5 c5 34.Bxa8
Rxa8 35.Rxc5 Ra1+ 36.Kg2 1-0

[Event "XX Festival Conca della Presolana A"]
[Site "Bratto - Castione della Presolana ITA"]
[Date "2000.08.29"]
[Round "5"]
[White "Sarno, Spartaco"]
[Black "Bonomi, Maurizio"]
[Result "1-0"]
[WhiteElo "2409"]
[BlackElo "2234"]
[PlyCount "73"]
[EventDate "2000.08.25"]

1.c4 Nf6 2.Nf3 g6 3.g3 Bg7 4.Bg2 O-O 5.O-O c5 6.d4 cxd4 7.Nxd4 Nc6 8.Nc2 
d6 9.Nc3 Be6 10.b3 Qd7 11.Re1 Rfd8 12.e4 Bh3 13.Bh1 Ne8 14.Bb2 Nc7 15.Qd2 
Rac8 16.Ne3 Qe8 17.Ncd5 Qf8 18.Nxc7 Rxc7 19.Nd5 Rcc8 20.f4 Bxb2 21.Qxb2 
Qg7 22.e5 Be6 23.b4 Rd7 24.Rac1 Nd8 25.Bf3 h5 26.Qf2 b6 27.exd6 exd6 28.f5
gxf5 29.h4 Nc6 30.Nf4 Ne5 31.Nxh5 Nxf3+ 32.Qxf3 Qd4+ 33.Kh2 Rdc7 34.Rcd1 
Qxc4 35.Qe3 f4 36.Nxf4 Qxa2+ 37.Kg1 1-0

[Event "XX Festival Conca della Presolana A"]
[Site "Bratto - Castione della Presolana ITA"]
[Date "2000.08.29"]
[Round "5"]
[White "Sbarra, Marco"]
[Black "Cebalo, Miso"]
[Result "0-1"]
[WhiteElo "2285"]
[BlackElo "2520"]
[PlyCount "170"]
[EventDate "2000.08.25"]

1.d4 Nf6 2.c4 g6 3.Nc3 Bg7 4.e4 d6 5.Nf3 O-O 6.Be2 Na6 7.O-O e5 8.d5 Nc5 
9.Qc2 a5 10.Ne1 b6 11.Be3 Bg4 12.Bxg4 Nxg4 13.Bd2 f5 14.f3 Nf6 15.Nd3 Qd7 
16.Rfe1 h5 17.Nxc5 bxc5 18.Qa4 Qc8 19.exf5 gxf5 20.f4 e4 21.Ne2 h4 22.Bc3 
Rf7 23.Qd1 Qe8 24.Qc2 Re7 25.Kh1 Qg6 26.Ng1 Bh6 27.Nf3 Bxf4 28.Nxh4 Qg5 
29.g3 Be5 30.Rf1 Bxc3 31.Qxc3 Re5 32.Rae1 Ng4 33.Rf4 a4 34.Ref1 Rf8 35.h3 
Nh6 36.Kh2 Rf7 37.Qe1 Rh7 38.Qe3 Rg7 39.Ng2 Nf7 40.Rh4 Qxe3 41.Nxe3 Ng5 
42.Kg2 Nf3 43.Rf4 Rf7 44.Rc1 Rf8 45.Kf2 Nd4 46.Rc3 Rb8 47.Nd1 Kg7 48.g4 
Kg6 49.gxf5+ Nxf5 50.Rg4+ Kf6 51.b3 axb3 52.axb3 Ra8 53.Ne3 Ra2+ 54.Rc2 
Rxc2+ 55.Nxc2 Nd4 56.Rf4+ Rf5 57.Rxf5+ Kxf5 58.Ne3+ Kf4 59.Ng2+ Ke5 60.Ne3
Nxb3 61.Kg3 Nd4 62.Ng4+ Kf5 63.Ne3+ Kg5 64.h4+ Kh5 65.Kf4 Kxh4 66.Kxe4 Kg5
67.Nd1 Ne2 68.Kd3 Nf4+ 69.Kc2 Kf6 70.Nc3 Ke7 71.Nb5 Kd7 72.Nc3 Ng6 73.Nb5 
Ne5 74.Kb3 Kc8 75.Nc3 Nf3 76.Nb5 Kb7 77.Kc2 Kb6 78.Kd3 Ng5 79.Nc3 Ka5 80.
Na2 Ka4 81.Kc3 Nh3 82.Nc1 Nf4 83.Nb3 Ne2+ 84.Kc2 Kb4 85.Nd2 Nf4 0-1

[Event "XX Festival Conca della Presolana A"]
[Site "Bratto - Castione della Presolana ITA"]
[Date "2000.08.29"]
[Round "5"]
[White "Schuurman, Petra"]
[Black "Solinas, Carlo"]
[Result "1-0"]
[WhiteElo "2151"]
[BlackElo "2058"]
[PlyCount "147"]
[EventDate "2000.08.25"]

1.c4 Nf6 2.Nf3 d6 3.Nc3 g6 4.e4 Bg7 5.d4 O-O 6.Be2 e5 7.Be3 exd4 8.Nxd4 
Re8 9.f3 c6 10.Bf2 d5 11.exd5 cxd5 12.c5 Nc6 13.O-O Nxd4 14.Bxd4 Be6 15.
Bb5 Rf8 16.Qd2 Qc7 17.Rac1 Rfd8 18.Rfd1 Nh5 19.Ne2 Qe7 20.Re1 Rac8 21.b4 
h6 22.Bxg7 Nxg7 23.Nd4 Qh4 24.g3 Qf6 25.Red1 h5 26.Bf1 Nf5 27.Rc3 Kg7 28.
Nxf5+ gxf5 29.Qd4 Rh8 30.f4 h4 31.b5 Qxd4+ 32.Rxd4 Kf6 33.Kf2 hxg3+ 34.
hxg3 Ke7 35.Bg2 b6 36.c6 Kd6 37.Ra4 Rc7 38.Ke3 Rh2 39.Rc2 Bc8 40.Kf2 Be6 
41.Rd4 Rh8 42.Kg1 Rd8 43.g4 fxg4 44.Rcd2 Kc5 45.f5 Kxb5 46.fxe6 fxe6 47.
Rc2 Ka5 48.Bf1 e5 49.Rxg4 e4 50.Rg3 b5 51.Rb3 Rg8+ 52.Kf2 a6 53.a4 Kxa4 
54.Rb1 Ka5 55.Ke3 Rg6 56.Ra2+ Kb6 57.Rba1 Ra7 58.Kd4 Rxc6 59.Bxb5 Rcc7 60.
Bxa6 Re7 61.Rb2+ Kc7 62.Rc1+ Kd7 63.Rb6 Ke8 64.Bb5+ Kf7 65.Rf1+ Kg7 66.
Rg1+ Kh7 67.Rd6 Ra2 68.Rf6 Rd2+ 69.Kc5 Re5 70.Kd6 Rh5 71.Bd7 d4 72.Bf5+ 
Rxf5 73.Rxf5 Rh2 74.Kd5 1-0

[Event "XX Festival Conca della Presolana A"]
[Site "Bratto - Castione della Presolana ITA"]
[Date "2000.08.29"]
[Round "5"]
[White "Skembris, Spyridon"]
[Black "Davies, Nigel R."]
[Result "1/2-1/2"]
[WhiteElo "2475"]
[BlackElo "2486"]
[PlyCount "20"]
[EventDate "2000.08.25"]

1.d4 Nf6 2.c4 e6 3.Nf3 b6 4.g3 Ba6 5.b3 Bb7 6.Bg2 Bb4+ 7.Bd2 Be7 8.O-O O-O
9.Bc3 d5 10.Ne5 Qc8 1/2-1/2

[Event "XX Festival Conca della Presolana A"]
[Site "Bratto - Castione della Presolana ITA"]
[Date "2000.08.29"]
[Round "5"]
[White "Tomba, Ivan"]
[Black "Galli, Fabio"]
[Result "1-0"]
[WhiteElo "2022"]
[BlackElo "2107"]
[PlyCount "69"]
[EventDate "2000.08.25"]

1.e4 e5 2.Nf3 d6 3.Bc4 Nc6 4.O-O Bg4 5.c3 g6 6.d4 Bg7 7.d5 Nce7 8.h3 Bd7 
9.Nbd2 Bh6 10.Nb3 Bxc1 11.Qxc1 Nf6 12.Re1 Nh5 13.Nbd2 h6 14.Nf1 Nf4 15.Ng3
Qc8 16.Bf1 g5 17.Nd2 h5 18.c4 Neg6 19.c5 Qd8 20.Nc4 Qf6 21.cxd6 cxd6 22.
Qd2 Nh4 23.Qb4 Ke7 24.Rad1 Nxh3+ 25.gxh3 Nf3+ 26.Kg2 Nxe1+ 27.Rxe1 g4 28.
Nf5+ Bxf5 29.exf5 gxh3+ 30.Kh1 Kf8 31.Nxd6 Kg7 32.Bxh3 b6 33.Rg1+ Kh7 34.
Ne4 Qd8 35.Ng5+ 1-0

[Event "XX Festival Conca della Presolana A"]
[Site "Bratto - Castione della Presolana ITA"]
[Date "2000.08.29"]
[Round "5"]
[White "Vancini, Edoardo"]
[Black "Szekely, Peter"]
[Result "1/2-1/2"]
[WhiteElo "2301"]
[BlackElo "2445"]
[PlyCount "34"]
[EventDate "2000.08.25"]

1.e4 c5 2.c3 Nf6 3.e5 Nd5 4.d4 cxd4 5.Nf3 d6 6.cxd4 Nc6 7.Bc4 dxe5 8.Bxd5 
Qxd5 9.Nc3 Qd6 10.d5 Nd4 11.Nxd4 exd4 12.Qxd4 e5 13.Qd3 Bd7 14.O-O f5 15.
Re1 Kf7 16.a4 a6 17.b3 Qf6 1/2-1/2